000 00594nam a2200229Ia 4500
003 OSt
005 20221007072406.0
006 a|||||r|||| 00| 0
007 ta
008 221006b |||||||| |||| 00| 0 eng d
024 _a26,039
037 _cTextual
040 _aFLL
_cFLL
_beng
041 _2eng
_aeng
082 _aZ52xD5:9, G6
100 _aBurnet James
_9690574
245 0 _aAids to justinian
260 _aLondon
_bStevens & Sons, Ltd. London
_c1936
300 _a1-43p
_ccm.
942 _hZ52xD5:9, G6
_cTEXL
_2CC
999 _c1145958
_d1145958